[Event "27th ECh U20"]
[Site "Patras GRE"]
[Date "1999.10.08"]
[Round "4"]
[White "Blehm, Pawel"]
[Black "Petrik, Tomas"]
[Result "1-0"]
[WhiteElo "2479"]
[BlackElo "2296"]
[EventDate "1999.10.02"]
[PlyCount "75"]

1.e4 e6 2.d4 d5 3.Nd2 c5 4.exd5 Qxd5 5.Ngf3 cxd4 6.Bc4 Qd6 7.O-O Nf6 8.Nb3
Nc6 9.Nbxd4 Nxd4 10.Nxd4 a6 11.Bb3 Qc7 12.Qf3 Bd6 13.h3 Bd7 14.c3 O-O 15.
Bg5 Bh2+ 16.Kh1 Be5 17.Rad1 h6 18.Bh4 Rad8 19.Rfe1 Bc8 20.Qe2 Bf4 21.Bxf6 
gxf6 22.g3 Be5 23.Qg4+ Kh8 24.Qh5 Kg7 25.Bc2 b5 26.Kh2 f5 27.Re2 b4 28.Bb3
bxc3 29.bxc3 Qxc3 30.Nxf5+ exf5 31.Rxd8 Rxd8 32.Qxf7+ Kh8 33.Qg6 Bxg3+ 34.
fxg3 Qg7 35.Re8+ Rxe8 36.Qxe8+ Kh7 37.Qxc8 Qb2+ 38.Bc2 1-0

[Event "27th ECh U20"]
[Site "Patras GRE"]
[Date "1999.10.08"]
[Round "4"]
[White "Markidis, Konstantinos"]
[Black "Bagirov, Rufat"]
[Result "0-1"]
[WhiteElo "2295"]
[BlackElo "2471"]
[EventDate "1999.10.02"]
[PlyCount "70"]

1.e4 e6 2.d4 d5 3.Nc3 Nf6 4.Bg5 Be7 5.e5 Nfd7 6.Bxe7 Qxe7 7.f4 O-O 8.Nf3 
c5 9.Qd2 Nc6 10.dxc5 f6 11.exf6 Qxf6 12.g3 Nxc5 13.O-O-O Rd8 14.Bd3 Bd7 
15.Rhe1 Rac8 16.Kb1 Be8 17.Ne5 Nxe5 18.Rxe5 Nd7 19.Ree1 Bf7 20.g4 Qh4 21.
Nb5 Nc5 22.Qe2 a6 23.Nd4 Re8 24.Qf3 Kh8 25.Qg3 Qf6 26.Re5 Bg6 27.h4 Bxd3 
28.cxd3 Rf8 29.f5 Nd7 30.Nf3 Nxe5 31.Nxe5 exf5 32.gxf5 Qxf5 33.Ka1 Qf4 34.
Qe1 d4 35.h5 Rfe8 0-1

[Event "27th ECh U20"]
[Site "Patras GRE"]
[Date "1999.10.08"]
[Round "4"]
[White "Hunt, Adam"]
[Black "Stryjecki, Marek"]
[Result "1/2-1/2"]
[WhiteElo "2288"]
[BlackElo "2448"]
[EventDate "1999.10.02"]
[PlyCount "92"]

1.e4 e5 2.Nf3 Nc6 3.Bb5 Nf6 4.O-O Nxe4 5.d4 Nd6 6.Bxc6 dxc6 7.dxe5 Nf5 8.
Qxd8+ Kxd8 9.Nc3 Ke8 10.h3 Ne7 11.Nd4 Ng6 12.f4 Bc5 13.Be3 h5 14.Rae1 Bxd4
15.Bxd4 Bf5 16.Ne4 Rd8 17.Bc3 h4 18.a4 b6 19.b4 Ne7 20.Kf2 Nd5 21.Bd2 Ne7 
22.Bc3 Bxe4 23.Rxe4 Rh6 24.Rfe1 Rg6 25.R1e2 Rd5 26.Be1 Nf5 27.Rd2 Kd7 28.
Ree2 Rg3 29.c4 Rxd2 30.Rxd2+ Ke7 31.Ra2 Rd3 32.Bd2 Ng3 33.Be3 Ke6 34.Rd2 
Rb3 35.Rd8 Rxb4 36.Re8+ Kf5 37.Kf3 Rxc4 38.Re7 f6 39.Rxg7 fxe5 40.Rg5+ Kf6
41.fxe5+ Ke6 42.Bf4 Ne4 43.Rh5 Rxa4 44.Rh6+ Kf5 45.Rh5+ Ke6 46.Rh6+ Kf5 
1/2-1/2

[Event "27th ECh U20"]
[Site "Patras GRE"]
[Date "1999.10.08"]
[Round "4"]
[White "Cvek, Robert"]
[Black "Shavtvaladze, Nikoloz"]
[Result "1/2-1/2"]
[WhiteElo "2444"]
[BlackElo "2289"]
[EventDate "1999.10.02"]
[PlyCount "117"]

1.b3 c5 2.Bb2 Nc6 3.e3 e5 4.c4 d6 5.d3 f5 6.g3 Nf6 7.Bg2 g6 8.Ne2 Bg7 9.
Nbc3 Bd7 10.a3 a6 11.O-O O-O 12.Qd2 Rb8 13.d4 cxd4 14.exd4 exd4 15.Nxd4 
Nxd4 16.Qxd4 Ne4 17.Qd5+ Kh8 18.Bxe4 fxe4 19.Qxd6 Bh3 20.Qxd8 Rbxd8 21.
Rfd1 Rd3 22.Rxd3 exd3 23.Nd1 Bxb2 24.Nxb2 d2 25.f3 Rxf3 26.Rd1 Rxb3 27.
Rxd2 Rxa3 28.Nd3 Be6 29.c5 Kg8 30.Nf4 Ra1+ 31.Kf2 Ra2 32.Ke3 Rxd2 33.Kxd2 
Kf7 34.Kc3 g5 35.Ne2 a5 36.Nd4 Bd5 37.Nb5 Ke6 38.Kd4 Bc6 39.Na3 Kf5 40.Nc4
a4 41.Ne3+ Ke6 42.Nc4 h5 43.Kc3 Kd5 44.Kb4 Kd4 45.Nd6 Ke3 46.Nf7 g4 47.Nd6
Kf2 48.Nf5 Kg2 49.Ng7 h4 50.gxh4 Kxh2 51.Ne6 g3 52.Nf4 g2 53.Nxg2 Kxg2 54.
h5 Kf3 55.h6 Be4 56.Kxa4 Kg4 57.Kb5 Kg5 58.h7 Bxh7 59.c6 1/2-1/2

[Event "27th ECh U20"]
[Site "Patras GRE"]
[Date "1999.10.08"]
[Round "4"]
[White "Kallio, Heikki"]
[Black "Jovanovic, Zoran"]
[Result "1/2-1/2"]
[WhiteElo "2360"]
[BlackElo "2310"]
[EventDate "1999.10.02"]
[PlyCount "40"]

1.Nf3 g6 2.g3 Bg7 3.Bg2 e5 4.O-O d6 5.e4 Nc6 6.c3 Nf6 7.d4 O-O 8.Re1 Re8 
9.d5 Ne7 10.c4 Nd7 11.Nc3 h6 12.Be3 f5 13.Qd2 Kh7 14.Rac1 Rf8 15.b4 Nf6 
16.exf5 Nxf5 17.Qc2 a5 18.a3 Rf7 19.Bd2 axb4 20.axb4 Qf8 1/2-1/2

[Event "27th ECh U20"]
[Site "Patras GRE"]
[Date "1999.10.08"]
[Round "4"]
[White "Berescu, Alin"]
[Black "Streikus, Simonas"]
[Result "1-0"]
[WhiteElo "2386"]
[BlackElo "2267"]
[EventDate "1999.10.02"]
[PlyCount "79"]

1.e4 c6 2.Nc3 d5 3.Qf3 d4 4.Bc4 e6 5.Nce2 b5 6.Bb3 Bb7 7.d3 c5 8.Qg3 Ne7 
9.Nf3 Ng6 10.h4 Nd7 11.h5 Ne7 12.a3 Nb6 13.Ba2 Nc6 14.Bf4 Rc8 15.Rd1 Qd7 
16.Ng5 Be7 17.Nxe6 fxe6 18.Qxg7 Rf8 19.Qxh7 Bf6 20.Qg6+ Ke7 21.h6 Qe8 22.
Qg4 Qf7 23.Rh5 Nd7 24.h7 Rh8 25.Qh3 Ba6 26.g4 c4 27.Kd2 e5 28.Bg3 c3+ 29.
bxc3 Qxa2 30.g5 Bg7 31.g6 Na5 32.Bh4+ Kd6 33.Nxd4 Kc7 34.Qe6 Qxa3 35.Be7 
b4 36.Bd6+ Kb7 37.Qxd7+ Ka8 38.Bxb4 Qa2 39.Qxg7 exd4 40.Rxa5 1-0

[Event "27th ECh U20"]
[Site "Patras GRE"]
[Date "1999.10.08"]
[Round "4"]
[White "Molander, Riku"]
[Black "Johannessen, Leif Erlend"]
[Result "1/2-1/2"]
[WhiteElo "2234"]
[BlackElo "2356"]
[EventDate "1999.10.02"]
[PlyCount "44"]

1.c4 Nf6 2.Nc3 e5 3.g3 d5 4.cxd5 Nxd5 5.Bg2 Nb6 6.Nf3 Nc6 7.O-O Be7 8.d3 
O-O 9.Be3 Be6 10.Rc1 Nd5 11.Nxd5 Bxd5 12.Qa4 Re8 13.Rfd1 Rb8 14.a3 a6 15.
d4 e4 16.Ne5 Bd6 17.Qc2 f5 18.Nxc6 bxc6 19.Qd2 Rb3 20.Rc3 Qb8 21.Rxb3 Qxb3
22.Rc1 Rb8 1/2-1/2

[Event "27th ECh U20"]
[Site "Patras GRE"]
[Date "1999.10.08"]
[Round "4"]
[White "Skytte, Rasmus"]
[Black "Guid, Matej"]
[Result "1/2-1/2"]
[WhiteElo "2338"]
[BlackElo "2185"]
[EventDate "1999.10.02"]
[PlyCount "106"]

1.e4 c5 2.Nf3 d6 3.d4 cxd4 4.Nxd4 Nf6 5.Nc3 g6 6.f4 Nc6 7.Nxc6 bxc6 8.e5 
Nd7 9.exd6 exd6 10.Be3 Be7 11.Be2 O-O 12.O-O d5 13.f5 Bc5 14.Bxc5 Nxc5 15.
f6 d4 16.b4 dxc3 17.bxc5 Bf5 18.g4 Be4 19.Bf3 Re8 20.Qxd8 Raxd8 21.Rae1 
Bxc2 22.Rxe8+ Rxe8 23.Rc1 Be4 24.Rxc3 Bxf3 25.Rxf3 h6 26.Ra3 Re6 27.Rxa7 
Rxf6 28.Ra6 Kg7 29.Rb6 Re6 30.a4 Kf6 31.a5 Ke5 32.Rb7 f5 33.gxf5 gxf5 34.
Rd7 Re8 35.a6 Ra8 36.a7 Ke6 37.Rd6+ Ke5 38.Rxc6 Rxa7 39.Rxh6 Rc7 40.c6 Kd5
41.h4 Ke5 42.Kf2 Kf4 43.Rf6 Ke5 44.Rg6 Kf4 45.h5 Rh7 46.h6 Ke4 47.Kg3 f4+ 
48.Kg4 f3 49.Rf6 f2 50.Kg5 Ke3 51.Rf8 Rc7 52.Kg6 Rxc6+ 53.Kg7 Rc7+ 1/2-1/2

[Event "27th ECh U20"]
[Site "Patras GRE"]
[Date "1999.10.08"]
[Round "4"]
[White "Karner, Christoph"]
[Black "Jedryczka, Krystian"]
[Result "0-1"]
[WhiteElo "2181"]
[BlackElo "2334"]
[EventDate "1999.10.02"]
[PlyCount "80"]

1.d4 Nf6 2.c4 g6 3.Nc3 Bg7 4.e4 d6 5.Nf3 O-O 6.Be2 e5 7.O-O Nc6 8.d5 Ne7 
9.Ne1 Nd7 10.Be3 f5 11.f3 f4 12.Bf2 g5 13.Rc1 Ng6 14.c5 Nxc5 15.b4 Na6 16.
Nd3 h5 17.Nb5 Rf7 18.Rc3 Bd7 19.a4 Qb8 20.Na3 c6 21.b5 cxb5 22.axb5 Nc7 
23.Nb4 Ne8 24.b6 axb6 25.Nc4 Qd8 26.Nxb6 Rb8 27.Kh1 Nf6 28.Qa1 g4 29.Rfc1 
g3 30.Bg1 gxh2 31.Bf2 h4 32.Qa7 Bf8 33.Rc7 h3 34.gxh3 Rh7 35.Bf1 Qe8 36.
Na2 Qd8 37.R1c3 Bb5 38.Rxh7 Bxf1 39.Rxb7 Rxb7 40.Qxb7 Nxe4 0-1

[Event "27th ECh U20"]
[Site "Patras GRE"]
[Date "1999.10.08"]
[Round "4"]
[White "Mastrovasilis, Athanasios"]
[Black "Anchev, Nikolai"]
[Result "1/2-1/2"]
[WhiteElo "2345"]
[BlackElo "2155"]
[EventDate "1999.10.02"]
[PlyCount "71"]

1.d4 Nf6 2.c4 e6 3.Nf3 b6 4.g3 Bb7 5.Bg2 Be7 6.O-O O-O 7.Nc3 Ne4 8.Nxe4 
Bxe4 9.Nh4 Bxg2 10.Nxg2 d5 11.Qa4 Bf6 12.Be3 c6 13.Rac1 a6 14.cxd5 cxd5 
15.Bf4 b5 16.Qb4 Qb6 17.Bd6 Nc6 18.Qe1 Rfc8 19.Bc5 Qa5 20.Qxa5 Nxa5 21.Nf4
Bg5 22.Rc2 Bxf4 23.gxf4 Rc6 24.Rc3 Nc4 25.b3 Nb6 26.Rfc1 Rac8 27.Kf1 f6 
28.Ke1 Nd7 29.Kd2 Nb8 30.a4 Kf7 31.axb5 axb5 32.Ra1 Ra6 33.Rcc1 Rcc6 34.
Kc3 Rxa1 35.Rxa1 Ra6 36.Re1 1/2-1/2

[Event "27th ECh U20"]
[Site "Patras GRE"]
[Date "1999.10.08"]
[Round "4"]
[White "Erturan, Yakup"]
[Black "Eriksson, Jonas"]
[Result "0-1"]
[WhiteElo "2148"]
[BlackElo "2188"]
[EventDate "1999.10.02"]
[PlyCount "66"]

1.e4 Nf6 2.e5 Nd5 3.d4 d6 4.c4 Nb6 5.f4 dxe5 6.fxe5 g6 7.Be3 Bg7 8.Nc3 O-O
9.Qd2 c5 10.dxc5 Qxd2+ 11.Kxd2 N6d7 12.e6 fxe6 13.b4 Nc6 14.a3 Nf6 15.Re1 
Ng4 16.Nd1 Rd8+ 17.Kc1 Nxe3 18.Nxe3 Nd4 19.Nf3 a5 20.b5 Nb3+ 21.Kc2 Nxc5 
22.Ng4 b6 23.Nge5 Bb7 24.Bd3 Rac8 25.Bf1 Be4+ 26.Kc1 Nb3+ 27.Kb2 Nd2 28.
Kc1 Bxf3 29.gxf3 Nxf1 30.Rhxf1 Bxe5 31.Rxe5 Rxc4+ 32.Kb2 Rd2+ 33.Kb3 Rdc2 
0-1

[Event "27th ECh U20"]
[Site "Patras GRE"]
[Date "1999.10.08"]
[Round "4"]
[White "Nikolchovski, Toni"]
[Black "Lelumees, Brait"]
[Result "1/2-1/2"]
[WhiteElo "2190"]
[BlackElo "2121"]
[EventDate "1999.10.02"]
[PlyCount "130"]

1.c4 c5 2.g3 Nc6 3.Bg2 g6 4.Nc3 Bg7 5.e3 e5 6.Nge2 Nge7 7.O-O O-O 8.Nd5 a6
9.Nec3 Rb8 10.Ne4 d6 11.Ndf6+ Kh8 12.d3 b5 13.b3 Be6 14.h4 d5 15.cxd5 Nxd5
16.Nxd5 Bxd5 17.Ba3 f5 18.Nxc5 b4 19.e4 fxe4 20.dxe4 Bf7 21.Bb2 Qa5 22.Qd6
Rbc8 23.Ne6 Bxe6 24.Qxe6 Rfe8 25.Qd5 Qb6 26.Rac1 Red8 27.Qe6 Re8 28.Qg4 
Rcd8 29.Rc2 Nd4 30.Bxd4 exd4 31.Rd1 d3 32.Rcd2 Rf8 33.Rxd3 Qxf2+ 34.Kh2 
Rxd3 35.Rxd3 Qxa2 36.h5 Rf2 37.Qc8+ Bf8 38.Kh3 Qe2 39.Rd5 gxh5 40.Rg5 h6 
41.Rg6 Kh7 42.Rxa6 Qg4+ 43.Qxg4 hxg4+ 44.Kh2 Rb2 45.e5 Kg7 46.Rf6 Be7 47.
Rf4 h5 48.Rc4 Kf7 49.Rc6 Bg5 50.Kh1 Rb1+ 51.Kh2 Rb2 52.Kh1 Rb1+ 53.Kh2 Ke7
54.Bd5 h4 55.gxh4 Bf4+ 56.Kg2 Rb2+ 57.Kf1 Rb1+ 58.Ke2 Rb2+ 59.Kd3 g3 60.
Rg6 g2 61.Rg7+ Kf8 62.Rg8+ Ke7 63.Rg7+ Kf8 64.Rxg2 Rxg2 65.Bxg2 Bxe5 
1/2-1/2

[Event "27th ECh U20"]
[Site "Patras GRE"]
[Date "1999.10.09"]
[Round "5"]
[White "Bagirov, Rufat"]
[Black "Mateuta, Gabriel"]
[Result "1/2-1/2"]
[WhiteElo "2471"]
[BlackElo "2398"]
[EventDate "1999.10.02"]
[PlyCount "36"]

1.d4 d6 2.e4 Nf6 3.Nc3 g6 4.Nf3 Bg7 5.Bg5 c6 6.Qd2 b5 7.Bd3 h6 8.Bf4 Bg4 
9.e5 Nh5 10.exd6 Bxf3 11.gxf3 Nxf4 12.Qxf4 Qxd6 13.Qxd6 exd6 14.d5 b4 15.
Nd1 cxd5 16.a3 Nc6 17.Bb5 Kd7 18.axb4 Rhb8 1/2-1/2

[Event "27th ECh U20"]
[Site "Patras GRE"]
[Date "1999.10.09"]
[Round "5"]
[White "Lopez Martinez, Josep Manuel"]
[Black "Dottling, Fabian"]
[Result "0-1"]
[WhiteElo "2378"]
[BlackElo "2475"]
[EventDate "1999.10.02"]
[PlyCount "76"]

1.d4 d5 2.c4 e6 3.Nc3 Be7 4.cxd5 exd5 5.Bf4 c6 6.e3 Bf5 7.g4 Be6 8.h4 c5 
9.dxc5 Bxc5 10.Be5 f6 11.Bd4 Bxd4 12.Qxd4 Nc6 13.Qa4 Ne7 14.O-O-O O-O 15.
Nge2 Rc8 16.Kb1 Qb6 17.Bg2 Rfd8 18.Nf4 d4 19.Nxe6 dxc3 20.Rxd8+ Rxd8 21.
Qb3 Qxb3 22.axb3 Rd2 23.bxc3 Rxf2 24.Nf4 Rd2 25.Kc1 Rd6 26.Rd1 Rxd1+ 27.
Kxd1 h6 28.Ke2 Ne5 29.Bf3 Kf7 30.Kf2 a5 31.Be2 g5 32.hxg5 hxg5 33.Nh5 Nd5 
34.c4 Nc3 35.Bf3 Nd3+ 36.Kg2 Nc5 37.Ng3 Nxb3 38.Nf5 a4 0-1

[Event "27th ECh U20"]
[Site "Patras GRE"]
[Date "1999.10.09"]
[Round "5"]
[White "Ribshtein, Nati"]
[Black "Solak, Dragan"]
[Result "0-1"]
[WhiteElo "2349"]
[BlackElo "2457"]
[EventDate "1999.10.02"]
[PlyCount "38"]

1.d4 Nf6 2.c4 g6 3.Nc3 Bg7 4.e4 d6 5.Nf3 O-O 6.Be2 e5 7.Be3 Nc6 8.d5 Ne7 
9.Nd2 c5 10.g4 Nxg4 11.Bxg4 f5 12.f3 fxg4 13.fxg4 Nxd5 14.Bf2 Ne3 15.Qb3 
Ng2+ 16.Kf1 Qg5 17.Kxg2 Bxg4 18.h4 Rxf2+ 19.Kxf2 Rf8+ 0-1

[Event "27th ECh U20"]
[Site "Patras GRE"]
[Date "1999.10.09"]
[Round "5"]
[White "Jovanovic, Zoran"]
[Black "Blehm, Pawel"]
[Result "1/2-1/2"]
[WhiteElo "2310"]
[BlackElo "2479"]
[EventDate "1999.10.02"]
[PlyCount "67"]

1.e4 e5 2.Nf3 Nc6 3.Bb5 a6 4.Ba4 Nf6 5.Qe2 Qe7 6.O-O g6 7.Re1 Bg7 8.Nc3 
O-O 9.Nd5 Nxd5 10.exd5 Qb4 11.Bxc6 bxc6 12.dxc6 d5 13.c3 Qd6 14.d4 e4 15.
Ne5 f6 16.Nd7 Bxd7 17.cxd7 Qxd7 18.c4 f5 19.cxd5 Qxd5 20.Bf4 Qxd4 21.Rad1 
Qxb2 22.Qc4+ Kh8 23.Rd7 Rad8 24.Rxd8 Rxd8 25.Qxc7 Rg8 26.Rd1 g5 27.Bxg5 
Bd4 28.Qf4 Qxf2+ 29.Qxf2 Bxf2+ 30.Kxf2 Rxg5 31.Rd5 Kg7 32.h4 Rg4 33.Rxf5 
Rxh4 34.Re5 1/2-1/2

[Event "27th ECh U20"]
[Site "Patras GRE"]
[Date "1999.10.09"]
[Round "5"]
[White "De Vreugt, Dennis"]
[Black "Kallio, Heikki"]
[Result "1-0"]
[WhiteElo "2398"]
[BlackElo "2360"]
[EventDate "1999.10.02"]
[PlyCount "71"]

1.e4 d5 2.exd5 Nf6 3.Bb5+ Bd7 4.Be2 Nxd5 5.d4 Bf5 6.Nf3 e6 7.O-O Be7 8.c4 
Nb6 9.Qb3 c5 10.Rd1 Qc8 11.a4 O-O 12.a5 N6d7 13.d5 exd5 14.cxd5 Bxb1 15.
Rxb1 Bd6 16.Nh4 Ne5 17.Qg3 Kh8 18.b3 f5 19.Bf4 Qc7 20.Qh3 Qf7 21.Re1 Nbd7 
22.Bb5 g5 23.Bxg5 Ng4 24.Nf3 Nde5 25.Bf4 Nxf3+ 26.Qxf3 Bxf4 27.Qxf4 Qxd5 
28.h3 Nf6 29.Re5 Qd4 30.Rxf5 Qxf4 31.Rxf4 Nd5 32.Rxf8+ Rxf8 33.Bc4 Nb4 34.
Rd1 Nc6 35.a6 bxa6 36.Rd5 1-0

[Event "27th ECh U20"]
[Site "Patras GRE"]
[Date "1999.10.09"]
[Round "5"]
[White "Medvegy, Zoltan"]
[Black "Mastrovasilis, Athanasios"]
[Result "1-0"]
[WhiteElo "2397"]
[BlackElo "2345"]
[EventDate "1999.10.02"]
[PlyCount "101"]

1.e4 c5 2.Nf3 Nc6 3.d4 cxd4 4.Nxd4 Qc7 5.Nc3 e6 6.Be3 a6 7.Bd3 Nf6 8.O-O 
h5 9.h3 b5 10.Nxc6 Qxc6 11.a3 Bb7 12.Re1 Rc8 13.Bd4 Be7 14.Qe2 Kf8 15.f4 
Bc5 16.Qf2 h4 17.a4 b4 18.Na2 Nh5 19.c3 bxc3 20.bxc3 Qc7 21.Rab1 Be7 22.
Rb6 Ng3 23.Bxa6 Bxa6 24.Rxa6 Rh5 25.Ra7 Qc4 26.a5 Qa4 27.a6 Ra5 28.Nb4 
Bxb4 29.cxb4 Rxa6 30.Rxa6 Qxa6 31.Qb2 f6 32.Bxf6 gxf6 33.Qxf6+ Ke8 34.Qxh4
Ne2+ 35.Rxe2 Qxe2 36.Qh8+ Ke7 37.Qxc8 Qe3+ 38.Kh1 Qxf4 39.Qc4 Kf7 40.Qe2 
Qc1+ 41.Kh2 Qb1 42.b5 Kf6 43.e5+ Kf5 44.Qh5+ Kf4 45.Qf7+ Kxe5 46.Qxd7 Qe4 
47.Qc7+ Kd4 48.Qd6+ Ke3 49.Qa3+ Kd2 50.Qb2+ Kd1 51.b6 1-0

[Event "27th ECh U20"]
[Site "Patras GRE"]
[Date "1999.10.09"]
[Round "5"]
[White "Fontaine, Robert"]
[Black "Hunt, Adam"]
[Result "1/2-1/2"]
[WhiteElo "2408"]
[BlackElo "2288"]
[EventDate "1999.10.02"]
[PlyCount "134"]

1.d4 Nf6 2.Nf3 g6 3.g3 Bg7 4.Bg2 O-O 5.O-O d6 6.c4 Nc6 7.Nc3 e5 8.d5 Ne7 
9.e4 Nd7 10.Ne1 f5 11.Nd3 Nf6 12.Bg5 h6 13.Bxf6 Bxf6 14.f4 exf4 15.Nxf4 c6
16.Kh1 Be5 17.Qd2 g5 18.Nd3 Bxc3 19.Qxc3 fxe4 20.dxc6 bxc6 21.Bxe4 Bh3 22.
Nf2 Bf5 23.Bxf5 Nxf5 24.Ng4 h5 25.Rxf5 hxg4 26.Qd3 Qe7 27.Raf1 Rxf5 28.
Qxf5 Re8 29.Qxg4 Qe4+ 30.Qxe4 Rxe4 31.b3 Re2 32.Rd1 Rxa2 33.Rxd6 Kf7 34.
Rxc6 Rb2 35.Rc7+ Kf6 36.Rxa7 Rxb3 37.Kg2 g4 38.Kf2 Rc3 39.Rc7 Ke5 40.Ke2 
Kd4 41.Kd2 Rd3+ 42.Ke1 Re3+ 43.Kf2 Rc3 44.Rf7 Rc2+ 45.Kg1 Ke3 46.Rf1 Rxc4 
47.h3 gxh3 48.Kh2 Rc8 49.Kxh3 Rh8+ 50.Kg2 Ke4 51.g4 Rg8 52.Kg3 Ke5 53.Rf7 
Ke6 54.Rf5 Rg7 55.Kh4 Rg8 56.Kh5 Rh8+ 57.Kg5 Rg8+ 58.Kf4 Ra8 59.Kg5 Rg8+ 
60.Kh4 Rh8+ 61.Rh5 Ra8 62.Rh7 Kf6 63.Kh5 Rg8 64.Rh6+ Kf7 65.g5 Ra8 66.Rh7+
Kg8 67.Rb7 Ra6 1/2-1/2

[Event "27th ECh U20"]
[Site "Patras GRE"]
[Date "1999.10.09"]
[Round "5"]
[White "Shavtvaladze, Nikoloz"]
[Black "Kobrin, Michael"]
[Result "0-1"]
[WhiteElo "2289"]
[BlackElo "2355"]
[EventDate "1999.10.02"]
[PlyCount "66"]

1.e4 e5 2.Nf3 Nf6 3.Nxe5 d6 4.Nf3 Nxe4 5.d4 d5 6.Bd3 Nc6 7.O-O Be7 8.c4 
Nb4 9.Be2 O-O 10.Nc3 Be6 11.Bf4 c5 12.a3 Nxc3 13.bxc3 Nc6 14.dxc5 Bxc5 15.
Ng5 Qf6 16.Qd3 g6 17.Nxe6 fxe6 18.Bh6 Rfd8 19.Qg3 Be7 20.Qh3 d4 21.Bg4 
dxc3 22.Bxe6+ Kh8 23.Bd5 Nd4 24.Rae1 Bc5 25.Kh1 c2 26.Qc3 g5 27.Re6 Qf5 
28.Rfe1 Rf8 29.f4 Qxf4 30.h3 Rf6 31.Qb2 Rxe6 32.Bxe6 Bd6 33.Kg1 Re8 0-1

[Event "27th ECh U20"]
[Site "Patras GRE"]
[Date "1999.10.09"]
[Round "5"]
[White "Haznedaroglu, Kivanc"]
[Black "Cvek, Robert"]
[Result "1/2-1/2"]
[WhiteElo "2187"]
[BlackElo "2444"]
[EventDate "1999.10.02"]
[PlyCount "118"]

1.e4 c5 2.Nf3 Nc6 3.d4 cxd4 4.Nxd4 Nf6 5.Nc3 d6 6.Bg5 e6 7.Bb5 Bd7 8.Bxc6 
bxc6 9.Qf3 h6 10.Bh4 e5 11.Nf5 Bxf5 12.Qxf5 Qd7 13.Qf3 Be7 14.O-O-O Qg4 
15.Bxf6 Qxf3 16.gxf3 gxf6 17.Ne2 f5 18.Ng3 fxe4 19.fxe4 Rd8 20.c4 Rg8 21.
Kc2 Rg4 22.f3 Rh4 23.Nf5 Rf4 24.Rd3 d5 25.Rg1 Bg5 26.Rgd1 dxe4 27.Rxd8+ 
Bxd8 28.fxe4 Be7 29.Kd3 Rf3+ 30.Kc2 Rf4 31.Kd3 Rf3+ 32.Kc2 Rh3 33.Rd2 Bg5 
34.Re2 Bf4 35.Rg2 h5 36.Rg8+ Kd7 37.Ra8 Rxh2+ 38.Kb3 h4 39.Rxa7+ Ke6 40.
Rc7 h3 41.Rxc6+ Kd7 42.Rd6+ Kc7 43.Rf6 Rf2 44.Rxf7+ Kb6 45.Rh7 h2 46.Ne7 
Kc5 47.Nd5 Bg3 48.Kc3 Rf3+ 49.Kd2 Kxc4 50.Ne3+ Kd4 51.Nf5+ Kxe4 52.Nxg3+ 
Rxg3 53.Rxh2 Kd4 54.a4 e4 55.a5 Rg6 56.Kc2 Kc4 57.Re2 Re6 58.a6 Rxa6 59.
Rxe4+ Kb5 1/2-1/2

[Event "27th ECh U20"]
[Site "Patras GRE"]
[Date "1999.10.09"]
[Round "5"]
[White "Johannessen, Leif Erlend"]
[Black "Perunovic, Miodrag"]
[Result "1-0"]
[WhiteElo "2356"]
[BlackElo "2247"]
[EventDate "1999.10.02"]
[PlyCount "125"]

1.d4 Nf6 2.c4 g6 3.Nc3 Bg7 4.e4 d6 5.Nf3 O-O 6.h3 e5 7.d5 Na6 8.Bg5 h6 9.
Be3 Nc5 10.Nd2 a5 11.g4 Ne8 12.Rg1 c6 13.Nb3 cxd5 14.cxd5 b6 15.Be2 Bd7 
16.Qd2 Kh7 17.h4 f5 18.Nxc5 bxc5 19.gxf5 gxf5 20.exf5 Bxf5 21.Bd3 e4 22.
Nxe4 Rb8 23.Nc3 Qf6 24.O-O-O Rb4 25.h5 Bxd3 26.Qxd3+ Qf5 27.Rg6 Qxd3 28.
Rxd3 Rf6 29.Rg2 Rh4 30.Bd2 Rxh5 31.Re3 Rf8 32.Re7 Re5 33.Ra7 Ref5 34.f4 
R8f7 35.Rxa5 Nf6 36.Ra6 Nxd5 37.Rxd6 Nxf4 38.Rh2 c4 39.Kc2 Nd3 40.Bxh6 
Rf2+ 41.Rxf2 Rxf2+ 42.Bd2 Nb4+ 43.Kd1 Nd3 44.Rb6 Bd4 45.Rb7+ Kg6 46.a4 Nc5
47.Rb6+ Kf7 48.Rb4 Nd3 49.Rb7+ Ke6 50.a5 Rf1+ 51.Kc2 Ra1 52.Rb5 Nc5 53.
Rb6+ Kd7 54.Nb5 Bf2 55.Rd6+ Kc8 56.Rh6 Kb7 57.Nd6+ Ka7 58.Nxc4 Ra4 59.Rh7+
Ka6 60.Rh6+ Ka7 61.Rh7+ Ka6 62.b4 Bd4 63.Nd6 1-0

[Event "27th ECh U20"]
[Site "Patras GRE"]
[Date "1999.10.09"]
[Round "5"]
[White "Jedryczka, Krystian"]
[Black "Molander, Riku"]
[Result "1/2-1/2"]
[WhiteElo "2334"]
[BlackElo "2234"]
[EventDate "1999.10.02"]
[PlyCount "57"]

1.e4 c5 2.Nf3 d6 3.d4 cxd4 4.Nxd4 Nf6 5.Nc3 g6 6.Be3 Bg7 7.f3 O-O 8.Qd2 
Nc6 9.O-O-O Nxd4 10.Bxd4 Be6 11.Kb1 Qc7 12.g4 Rfc8 13.h4 Qa5 14.Qg5 Qxg5 
15.hxg5 Nd7 16.Bxg7 Kxg7 17.Rh4 Rc5 18.f4 f6 19.gxf6+ Nxf6 20.g5 Ng4 21.
Be2 Rf8 22.Rf1 Ne3 23.Rfh1 Bg8 24.Rg1 e5 25.fxe5 Rxe5 26.Rh3 Nc4 27.Kc1 
Nb6 28.Bd3 d5 29.Rh4 1/2-1/2

[Event "27th ECh U20"]
[Site "Patras GRE"]
[Date "1999.10.09"]
[Round "5"]
[White "Eriksson, Jonas"]
[Black "Skytte, Rasmus"]
[Result "0-1"]
[WhiteElo "2188"]
[BlackElo "2338"]
[EventDate "1999.10.02"]
[PlyCount "164"]

1.d4 d6 2.c4 e5 3.e3 Nd7 4.Ne2 g6 5.g3 Bg7 6.Bg2 Ngf6 7.Nbc3 O-O 8.O-O Re8
9.b3 a6 10.a4 h5 11.Ba3 Rb8 12.a5 exd4 13.exd4 Nf8 14.Bc1 Bf5 15.Nf4 Ne6 
16.Nxe6 Rxe6 17.Bg5 Qd7 18.Ra2 Ree8 19.Re1 Rxe1+ 20.Qxe1 Nh7 21.Be3 Re8 
22.Qc1 Nf6 23.f3 Bh3 24.Re2 Bxg2 25.Kxg2 Qf5 26.Bd2 Rxe2+ 27.Nxe2 Qd3 28.
Nc3 Qxd4 29.Qe1 Qd3 30.h4 Kh7 31.Qe2 Qc2 32.Qd1 Qf5 33.Qb1 Qc5 34.Qd3 Nd7 
35.b4 Qd4 36.Qxd4 Bxd4 37.f4 Nf6 38.Ne2 Ba7 39.Kf3 Ng4 40.Nc3 Nf6 41.Be3 
Bxe3 42.Kxe3 Kg7 43.b5 Kf8 44.Na2 Ke7 45.Nb4 Kd7 46.Kd4 axb5 47.cxb5 c5+ 
48.bxc6+ bxc6 49.a6 Ne8 50.a7 Nc7 51.Kc4 Na8 52.f5 Nb6+ 53.Kb3 Kc7 54.Nd3 
Kb7 55.fxg6 fxg6 56.Nf4 Nd7 57.Nxg6 Kxa7 58.Nf4 Nf6 59.Kc4 Kb6 60.Kd3 c5 
61.Ne2 d5 62.Ke3 Kc6 63.Kf4 d4 64.Ke5 Ng4+ 65.Ke4 Nf6+ 66.Ke5 Nd5 67.Nc1 
Ne3 68.Nb3 Ng4+ 69.Ke4 Kd6 70.Nd2 Ke6 71.Nc4 Nf6+ 72.Kf3 Kd5 73.Nb6+ Kc6 
74.Nc4 Kb5 75.Nd6+ Kb4 76.Ke2 c4 77.Kd2 Kc5 78.Nf5 Kd5 79.g4 hxg4 80.Ng3 
Ne4+ 81.Nxe4 Kxe4 82.h5 Kf5 0-1

[Event "27th ECh U20"]
[Site "Patras GRE"]
[Date "1999.10.09"]
[Round "5"]
[White "Anchev, Nikolai"]
[Black "Markidis, Konstantinos"]
[Result "1-0"]
[WhiteElo "2155"]
[BlackElo "2295"]
[EventDate "1999.10.02"]
[PlyCount "139"]

1.e4 e5 2.Nf3 Nc6 3.Bb5 a6 4.Ba4 Nf6 5.O-O Be7 6.Re1 b5 7.Bb3 d6 8.c3 O-O 
9.h3 h6 10.d4 Re8 11.Nbd2 Bf8 12.Nf1 Bd7 13.Ng3 Na5 14.Bc2 c5 15.b3 Nc6 
16.d5 Ne7 17.Nh4 Nh7 18.Nhf5 Nxf5 19.exf5 Be7 20.f4 Bf6 21.Qf3 b4 22.Ne4 
exf4 23.Bxf4 Ng5 24.Bxg5 hxg5 25.Nxd6 Rxe1+ 26.Rxe1 Bxc3 27.Re2 Bb5 28.Nc4
Qf6 29.Kh1 Rd8 30.Re3 Bd4 31.Re1 Bc3 32.Re3 Kf8 33.Qh5 Qh6 34.Qf3 g4 35.
Qg3 gxh3 36.gxh3 Bd4 37.Re1 Qf6 38.Be4 Kg8 39.Ne3 Bxe3 40.Qxe3 c4 41.bxc4 
Bxc4 42.Qd2 a5 43.Rc1 Bb5 44.Bg2 Qxf5 45.Qd4 Be2 46.Kh2 Rd6 47.Qe3 Bb5 48.
Rc5 Qd7 49.Qe5 g6 50.Rxb5 Qxb5 51.Qxd6 a4 52.Qc6 Qe2 53.d6 Qe5+ 54.Kg1 
Qe3+ 55.Kf1 Qd3+ 56.Kf2 Qd2+ 57.Kf3 Qd3+ 58.Kf4 Qd4+ 59.Be4 Qd2+ 60.Kf3 
Qd1+ 61.Ke3 Qe1+ 62.Kd3 Qf1+ 63.Kd4 Qf2+ 64.Kc4 b3 65.axb3 a3 66.d7 a2 67.
d8=Q+ Kg7 68.Qca8 Qf1+ 69.Bd3 Qc1+ 70.Kb5 1-0

[Event "27th ECh U20"]
[Site "Patras GRE"]
[Date "1999.10.09"]
[Round "5"]
[White "Guid, Matej"]
[Black "Nikolchovski, Toni"]
[Result "1/2-1/2"]
[WhiteElo "2185"]
[BlackElo "2190"]
[EventDate "1999.10.02"]
[PlyCount "41"]

1.e4 c5 2.Nf3 d6 3.d4 cxd4 4.Nxd4 Nf6 5.Nc3 a6 6.Bc4 e6 7.Bb3 b5 8.Bg5 
Nbd7 9.f4 Qb6 10.f5 e5 11.Nf3 Bb7 12.Nd5 Nxd5 13.Bxd5 h6 14.Bh4 Be7 15.Bf2
Qc7 16.Bxb7 Qxb7 17.Qe2 Nf6 18.Nd2 O-O 19.O-O d5 20.exd5 Qxd5 21.c4 
1/2-1/2

[Event "27th ECh U20"]
[Site "Patras GRE"]
[Date "1999.10.09"]
[Round "5"]
[White "Touloumis, Anestis"]
[Black "Crut, Aurelien"]
[Result "1-0"]
[WhiteElo "2111"]
[BlackElo "2207"]
[EventDate "1999.10.02"]
[PlyCount "49"]

1.e4 e5 2.Nf3 Nc6 3.d4 exd4 4.Bc4 Nf6 5.e5 d5 6.Bb5 Ne4 7.Nxd4 Bd7 8.Bxc6 
bxc6 9.O-O Bc5 10.f3 Ng5 11.f4 Ne4 12.Be3 O-O 13.Nd2 Nxd2 14.Qxd2 f6 15.
Nb3 Bb6 16.Bc5 Re8 17.Rae1 Rb8 18.Qc3 fxe5 19.fxe5 Qh4 20.Nd4 Qh6 21.Bxb6 
cxb6 22.e6 Bxe6 23.Qxc6 Bf7 24.Qd7 Qg6 25.Nc6 1-0